| 000 | 00732nam a22002177a 4500 | ||
|---|---|---|---|
| 999 |
_c4379 _d4379 |
||
| 003 | AR-CdUCM | ||
| 008 | 190308b ||||| |||| 00| 0 spa d | ||
| 020 | _a85-86857-15-7 | ||
| 040 |
_aMUNICIPALIDAD PROVINCIAL DEL CUSCO _cBIBLIOTECA MUNICIPAL DEL CUSCO |
||
| 082 |
_a869.93 / _bN47 |
||
| 100 |
_aNeuert, Werner _913827 |
||
| 245 | _aA terra estava vazia e vaga | ||
| 260 |
_aBlumenau : _bNova letra gráfica, _c2002. |
||
| 300 |
_a99 paginas ; _c20 cm. |
||
| 505 | _aContenido : Historias -- Longas históricas -- Zen -- Pedro -- Despertar -- José ... | ||
| 650 |
_aLiteratura brasilera _913828 |
||
| 650 |
_aLiteratura Catarinense _913829 |
||
| 650 |
_aCuentos brasileños _913830 |
||
| 942 |
_2ddc _cLIBROS |
||
| 945 | _arah | ||